| 000 | 00360nam a22001577a 4500 | ||
|---|---|---|---|
| 003 | MACL | ||
| 005 | 20151126163859.0 | ||
| 008 | 151126b xxu||||| |||| 00| 0 eng d | ||
| 040 | _cMACL | ||
| 041 | _aEnglish | ||
| 082 | _a823/MOO | ||
| 100 |
_aMookerjee,Parthasarathi _918415 |
||
| 245 | _aThe Intimate Horizon | ||
| 650 |
_aNovel _9153 |
||
| 942 |
_2ddc _cBK |
||
| 999 |
_c51204 _d51204 |
||